000 00371 a2200157 4500
001 149594
040 _cEscola São Tomás de Aquino
100 _aGÓES, Lúcia Pimentel
240 1 0 _aGalinha com dentes
_lpor
245 1 0 _aGalinha com dentes
300 _a31
362 0 _a1999
440 1 _aEdiouro
697 _aFolclore / Adivinhações / Lendas
942 _cBK
999 _c149594
_d149594